La salud en Costa Rica: una aproximación a sus políticas y logros de las últimas décadas /
Saved in:
| Main Author: | |
|---|---|
| Format: | Text |
| Subjects: | |
| Tags: |
Add Tag
No Tags, Be the first to tag this record!
|
MARC
| LEADER | 00000 a a2200000 04500 | ||
|---|---|---|---|
| 001 | 47594 | ||
| 003 | |||
| 040 | |||
| 090 | |a REV0857 7 (20) 1981 | ||
| 100 | |a Salgado M., Patricia | ||
| 245 | |a La salud en Costa Rica: |b una aproximación a sus políticas y logros de las últimas décadas / |c Patricia Salgado M. | ||
| 650 | |a SALUD | ||
| 650 | |a ATENCION MEDICA | ||
| 650 | |a SEGURO | ||
| 650 | |a SERVICIO DE SALUD | ||
| 650 | |a COSTA RICA | ||
| 773 | |g volumen7, número20, setiembre-diciembre (1981) | ||
| 999 | |c 22843 |d 22843 | ||
